|
|
|
|
| LEADER |
00000nam0a2200000 4500 |
| 001 |
17651 |
| 005 |
20231030190955.0 |
| 010 |
|
|
|a 5279012858
|
| 035 |
|
|
|a (RuTPU)RU\TPU\book\17796
|
| 035 |
|
|
|a BOOK00000005
|
| 090 |
|
|
|a 17651
|
| 100 |
|
|
|a 20011209d1994 m y0rusy50 ca
|
| 101 |
0 |
|
|a rus
|
| 102 |
|
|
|a RU
|
| 105 |
|
|
|a y z 000zy
|
| 200 |
1 |
|
|a Книга акционера для чтения и принятия решений
|f В. И. Андрющенко, Е. В. Костикова
|
| 210 |
|
|
|a Москва
|c Финансы и статистика
|d 1994
|
| 215 |
|
|
|a 206 с.
|
| 610 |
1 |
|
|a экономика
|
| 610 |
1 |
|
|a предприятия
|
| 610 |
1 |
|
|a акционерные общества
|
| 610 |
1 |
|
|a акции
|
| 686 |
|
|
|a У9(2)29
|v LBC/SL-A
|2 rubbk
|
| 700 |
|
1 |
|a Андрющенко
|b В. И.
|g Вячеслав Иванович
|
| 701 |
|
1 |
|a Костикова
|b Е. В.
|g Елена Витальевна
|
| 801 |
|
0 |
|a RU
|b 63413507
|c 20011209
|g PSBO
|
| 801 |
|
2 |
|a RU
|b 63413507
|c 20171017
|g PSBO
|
| 942 |
|
|
|c BK
|